[Event "HUN-chT2 Breyer 1415"]
[Site "Hungary"]
[Date "2014.11.16"]
[Round "?"]
[White "Balogh, Tibor"]
[Black "Szanto, Levente"]
[Result "1/2-1/2"]
[WhiteElo "1847"]
[BlackElo "1957"]
[PlyCount "88"]
[EventDate "2014.09.07"]
[EventType "team-tourn"]
[EventRounds "11"]
[EventCountry "HUN"]
[SourceTitle "EXT 2016"]
[Source "ChessBase"]
[SourceDate "2015.10.08"]
[SourceVersion "1"]
[SourceVersionDate "2015.10.08"]
[SourceQuality "1"]
[WhiteTeam "Szechenyi"]
[BlackTeam "Turul"]
[WhiteTeamCountry "HUN"]
[BlackTeamCountry "HUN"]

1. d4 d5 2. c4 e6 3. Nc3 c6 4. Bf4 Bd6 5. Bxd6 Qxd6 6. c5 Qc7 7. e3 Nd7 8. f3 e5 9. Bd3 Ne7 10. Qc2 g6 11. b4 a6 12. Nge2 f5 13. dxe5 Qxe5 14. Kf2 Nf6 15. h3 Nh5 16. f4 Qf6 17. Na4 Bd7 18. Qc3 Qxc3 19. Naxc3 Kf7 20. a4 Ng7 21. Nd4 Ng8 22. b5 axb5 23. axb5 Nf6 24. Na4 Ne6 25. bxc6 Bxc6 26. Nxe6 Kxe6 27. Nb6 Rad8 28. Rad1 Nd7 29. Nxd7 Rxd7 30. g4 Ra8 31. gxf5+ gxf5 32. Rd2 Ra3 33. Rg1 Rc3 34. Rg5 Rf7 35. Bb1 Rxc5 36. Ba2 b5 37. Re2 Kd6 38. h4 b4 39. Rb2 Ba4 40. Bb1 b3 41. Ke2 Ke6 42. Kd2 Rcc7 43. Bd3 Rc5 44. Bb1 Rcc7 1/2-1/2

[Event "HUN-chT2 Breyer 1314"]
[Site "Hungary"]
[Date "2014.04.13"]
[Round "8"]
[White "Papp, Gabor1111"]
[Black "Balogh, Tibor"]
[Result "1-0"]
[WhiteElo "1906"]
[BlackElo "1815"]
[PlyCount "97"]
[EventDate "2013.09.08"]
[EventType "team-tourn"]
[EventRounds "9"]
[EventCountry "HUN"]
[SourceTitle "EXT 2016"]
[Source "ChessBase"]
[SourceDate "2015.10.08"]
[SourceVersion "1"]
[SourceVersionDate "2015.10.08"]
[SourceQuality "1"]
[WhiteTeam "Gyor Komszomol"]
[BlackTeam "Gyor Szechenyi"]
[WhiteTeamCountry "HUN"]
[BlackTeamCountry "HUN"]

1. e4 c6 2. d4 d5 3. Nd2 e6 4. Ngf3 dxe4 5. Nxe4 f5 6. Nc3 b5 7. Ne5 Nf6 8. Bg5 g6 9. Qf3 Be7 10. Bxb5 Bd7 11. Nxc6 Nxc6 12. Bxc6 Bxc6 13. Qxc6+ Kf7 14. Qc4 Rc8 15. Qd3 Qb6 16. Nd1 Rhd8 17. c3 e5 18. Bxf6 Bxf6 19. d5 Qc5 20. 0-0 Rxd5 21. Qc2 f4 22. Qe4 Rcd8 23. g3 Kg7 24. Kg2 g5 25. g4 Rd2 26. Rb1 R8d5 27. b4 Qc6 28. c4 Rd6 29. Nc3 R2d4 30. Qxc6 Rxc6 31. c5 Ra6 32. a4 Rc4 33. Rfc1 e4 34. Nd5 Rxc1 35. Rxc1 Rc6 36. b5 Rc8 37. Nxf6 Kxf6 38. c6 Ke6 39. Rd1 Rc7 40. Rd8 Ke7 41. Rd4 Ke6 42. Rxe4+ Kd5 43. Re1 a6 44. Rd1+ Kc5 45. Rd7 Rc8 46. Rb7 h6 47. c7 axb5 48. axb5 Kd6 49. b6 1-0

[Event "Fuzesabony op"]
[Site "Fuzesabony"]
[Date "1995.??.??"]
[Round "1"]
[White "Balogh, Tibor"]
[Black "Kovacs, Arthur"]
[Result "0-1"]
[WhiteElo "1845"]
[BlackElo "2205"]
[PlyCount "60"]
[EventDate "1995.??.??"]
[EventType "swiss"]
[EventRounds "9"]
[EventCountry "HUN"]
[SourceTitle "EXT 2004"]
[Source "ChessBase"]
[SourceDate "2003.11.25"]
[SourceVersion "1"]
[SourceVersionDate "2003.11.25"]
[SourceQuality "1"]

1. e4 c6 2. d4 d5 3. e5 Bf5 4. Nc3 e6 5. g4 Bg6 6. Nge2 c5 7. Be3 Nc6 8. dxc5 Nxe5 9. Nd4 Nc6 10. Bb5 Rc8 11. Na4 Nf6 12. Bg5 Be7 13. f3 0-0 14. Bxc6 bxc6 15. Qd2 Nd7 16. Bxe7 Qxe7 17. h4 f6 18. 0-0-0 Bf7 19. Rde1 Rfe8 20. Nf5 exf5 21. Rxe7 Rxe7 22. Re1 Rxe1+ 23. Qxe1 Re8 24. Qg3 fxg4 25. fxg4 Re5 26. c3 Re4 27. b4 Ne5 28. Nb2 Rxg4 29. Qh3 Be6 30. Qh1 Rg3 0-1